00323nam a2200121Ia 4500008004100000041000800041082001600049100002200065245004100087260003200128300003200160365000900192240624s9999 xx 000 0 und d aeng a332.642 PAU aPAULOS JOHN ALLEN aMATHEMATICIAN PLAYS THE STOCK MARKET c2003aNew YorkbBasic Books aviii, : 216 : p. : cm. ; 20 cb28